Объектно-ориентированное программирование в среде Delphi: учебное пособие
| Korporativní autor: | |
|---|---|
| Další autoři: | |
| Shrnutí: | Заглавие с титульного экрана Электронная версия печатной публикации В пособие приведен комплекс лабораторных работ по программированию на языке Delphi. В каждом разделе представлена одна работа, для которой даны основные теоретические сведения и методические указания по её выполнению. Предназначено для студентов, обучающихся по направлению 220700 "Автоматизация технологических процессов и производств", изучающих дисциплину "Программирование и алгоритмизация". Может быть полезным для студентов других специальностей и направлений, а также для самостоятельно изучающих программирование на языке Delphi AM_TPU_network |
| Jazyk: | ruština |
| Vydáno: |
Томск, Изд-во ТПУ, 2013
|
| Témata: | |
| On-line přístup: | http://www.lib.tpu.ru/fulltext2/m/2014/m079.pdf |
| Médium: | MixedMaterials Elektronický zdroj Kniha |
| KOHA link: | https://koha.lib.tpu.ru/cgi-bin/koha/opac-detail.pl?biblionumber=255435 |
MARC
| LEADER | 00000nam0a2200000 4500 | ||
|---|---|---|---|
| 001 | 255435 | ||
| 005 | 20260422143350.0 | ||
| 035 | |a (RuTPU)RU\TPU\book\277945 | ||
| 090 | |a 255435 | ||
| 100 | |a 20140328d2013 m y0rusy50 ca | ||
| 101 | 0 | |a rus | |
| 102 | |a RU | ||
| 105 | |a a j 001zy | ||
| 135 | |a drcn ---uucaa | ||
| 181 | 0 | |a i | |
| 182 | 0 | |a b | |
| 200 | 1 | |a Объектно-ориентированное программирование в среде Delphi |e учебное пособие |f Национальный исследовательский Томский политехнический университет (ТПУ) ; сост. Н. М. Семенов | |
| 203 | |a Текст |c электронный | ||
| 210 | |a Томск |c Изд-во ТПУ |d 2013 | ||
| 300 | |a Заглавие с титульного экрана | ||
| 300 | |a Электронная версия печатной публикации | ||
| 330 | |a В пособие приведен комплекс лабораторных работ по программированию на языке Delphi. В каждом разделе представлена одна работа, для которой даны основные теоретические сведения и методические указания по её выполнению. Предназначено для студентов, обучающихся по направлению 220700 "Автоматизация технологических процессов и производств", изучающих дисциплину "Программирование и алгоритмизация". Может быть полезным для студентов других специальностей и направлений, а также для самостоятельно изучающих программирование на языке Delphi | ||
| 371 | 0 | |a AM_TPU_network | |
| 606 | 1 | |a Delphi |2 stltpush |3 (RuTPU)RU\TPU\subj\9051 |9 36340 | |
| 610 | 1 | |a электронный ресурс | |
| 610 | 1 | |a учебные пособия | |
| 610 | 1 | |a труды учёных ТПУ | |
| 610 | 1 | |a Delphi | |
| 610 | 1 | |a лабораторные работы | |
| 610 | 1 | |a визуальное программирование | |
| 675 | |a 004.4(075.8) |v 4 | ||
| 702 | 1 | |a Семенов |b Н. М. |c инженер-электрик |c старший преподаватель Томского политехнического университета |f 1952- |g Николай Михайлович |3 (RuTPU)RU\TPU\pers\29728 |4 220 |9 14213 | |
| 712 | 0 | 2 | |a Национальный исследовательский Томский политехнический университет (ТПУ) |b Институт кибернетики (ИК) |b Кафедра интегрированных компьютерных систем управления (ИКСУ) |3 (RuTPU)RU\TPU\col\18701 |
| 801 | 1 | |a RU |b 63413507 |c 20140328 | |
| 801 | 2 | |a RU |b 63413507 |c 20160616 |g RCR | |
| 856 | 4 | 0 | |u http://www.lib.tpu.ru/fulltext2/m/2014/m079.pdf |z http://www.lib.tpu.ru/fulltext2/m/2014/m079.pdf |
| 942 | |c CF | ||